Evaluación de los tallos de Caña India (Dracaena Massangeana) y del Itabo (Yuca elephantipes) para la producción de pulpa de papel

Gespeichert in:
Bibliographische Detailangaben
1. Verfasser: Gutiérrez Herrera, José Raúl
Weitere Verfasser: Blanco Rojas, María Lorena, 1959-2011
Format: Buch
Veröffentlicht: San Jose, Costa Rica: UCR, Fac. de Ingeniería, Inst. de Investigaciones en Ingenieríaa, Laboratorio de Productos Forestales 1997
Schlagworte:
Tags: Tag hinzufügen
Keine Tags, Fügen Sie den ersten Tag hinzu!

MARC

LEADER 00000nam a2200000Ia 4500
003 PI0071
005 20240507083034.0
008 140116s1997 cr a m 000 ||s d
040 |c cru CEDI 
090 |a PI 71 
100 |a Gutiérrez Herrera, José Raúl  |9 12963 
245 |a Evaluación de los tallos de Caña India (Dracaena Massangeana) y del Itabo (Yuca elephantipes) para la producción de pulpa de papel 
260 |a San Jose, Costa Rica: UCR, Fac. de Ingeniería, Inst. de Investigaciones en Ingenieríaa, Laboratorio de Productos Forestales  |c 1997 
300 |a  viii, 60 páginas : ilustraciones  
500 |a Informe de del proyecto de investigación No. 731-95-252 
650 |x PULPA DE CAÑA INDIA   |x  INVESTIGACIONES   |x PULPA DE ITABO   |x  INVESTIGACIONES  |9 13427 
700 |a Blanco Rojas, María Lorena, 1959-2011  |9 1709 
942 |c PI  |h PI-71  |i PI0071  |6 PI_71_PI0071 
999 |c 20556  |d 20556